Catálogo público

The american species of the genus Grihoneura Schiner (Díptera, sapromyzidae) / (Record no. 201769)

MARC details
000 -CABECERA
campo de control de longitud fija 00875nam a2200253Ia 4500
001 - NÚMERO DE CONTROL
campo de control Para_3281
003 - IDENTIFICADOR DEL NÚMERO DE CONTROL
campo de control CHAP
008 - DATOS DE LONGITUD FIJA--INFORMACIÓN GENERAL
campo de control de longitud fija 220125s9999 xx 000 0 und d
010 ## - NÚMERO DE CONTROL DE LA BIBLIOTECA DEL CONGRESO
Número de control de LC 201769
040 ## - FUENTE DE LA CATALOGACIÓN
Centro/agencia transcriptor CHAP
082 ## - NÚMERO DE LA CLASIFICACIÓN DECIMAL DEWEY
Número de clasificación PA-C 595.77 D5
100 ## - ENTRADA PRINCIPAL--NOMBRE DE PERSONA
Nombre de persona Malloch, J. R.
9 (RLIN) 70174
245 ## - MENCIÓN DE TÍTULO
Título The american species of the genus Grihoneura Schiner (Díptera, sapromyzidae) /
Mención de responsabilidad, etc. by J. R. Malloch
260 ## - PUBLICACIÓN, DISTRIBUCIÓN, ETC.
Lugar de publicación, distribución, etc. :
Nombre del editor, distribuidor, etc.
500 ## - NOTA GENERAL
Nota general Sobretiro de: Biological Society. F Washington 38: 75-78,1925. Encuadernado con: Notes on american two-winged flies of the family sapromyzidae/by J. R. Malloch 74-71
650 ## - PUNTO DE ACCESO ADICIONAL DE MATERIA--TÉRMINO DE MATERIA
Término de materia o nombre geográfico como elemento de entrada Dípteros Sapromyzidae
9 (RLIN) 166684
901 ## - ELEMENTOS DE DATOS A LOCAL LDA (RLIN)
a PA-C 595.77 D5
902 ## - ELEMENTOS DE DATOS B LOCAL, LDB (RLIN)
a A
905 ## - ELEMENTOS DE DATOS E LOCAL, LDE (RLIN)
a 000000 0000000000 00
910 ## - DATOS DE OPCIÓN DEL USUARIO (OCLC)
Datos de opción del usuario
942 ## - ELEMENTOS DE PUNTO DE ACCESO ADICIONAL (KOHA)
Tipo de ítem Koha Parasitologia_
942 ## - ELEMENTOS DE PUNTO DE ACCESO ADICIONAL (KOHA)
Tipo de ítem Koha Parasitologia_
-- 1
Holdings
Estado de retiro Estado de pérdida Fuente del sistema de clasificación o colocación Estado dañado Restricciones de uso No para préstamo Código de colección Localización permanente Ubicación/localización actual Ubicación en estantería Fecha de adquisición Información codificada de la localización en otra ubicación Enumeración/cronología de publicación seriada Total de préstamos Código de barras Fecha visto por última vez Precio válido a partir de Tipo de ítem Koha Nota pública
    Dewey Decimal Classification   Préstamo interno   Consulta Parasitologia Agricola Parasitologia Agricola   27/10/2005 PARA Volumen: 5   PA_867-2 25/01/2022 25/01/2022 Libro 3